| 000 -LEADER |
| fixed length control field |
00818pab a2200157 454500 |
| 008 - FIXED-LENGTH DATA ELEMENTS--GENERAL INFORMATION |
| fixed length control field |
180718b2004 xxu||||| |||| 00| 0 eng d |
| 100 ## - MAIN ENTRY--PERSONAL NAME |
| Personal name |
Sastry, Trilochan |
| 245 ## - TITLE STATEMENT |
| Title |
Electoral reforms and citizens' initiatives: some breakthroughs |
| 260 ## - PUBLICATION, DISTRIBUTION, ETC. |
| Date of publication, distribution, etc. |
2004 |
| 300 ## - PHYSICAL DESCRIPTION |
| Extent |
p.1391-397. |
| 362 ## - DATES OF PUBLICATION AND/OR SEQUENTIAL DESIGNATION |
| Dates of publication and/or sequential designation |
27 Mar |
| 520 ## - SUMMARY, ETC. |
| Summary, etc. |
The question of electoral reforms acquires importance with the growing deterioration in electoral politics. Some of these reforms have been citizen-led, and have empowered the citizen. The ordinary citizen can now ask for candidate affidavits from returning officers and district election officers, scrutinise them and disseminate them to others. Much needs to be done, but these are good beginnings. - Reproduced. |
| 650 ## - SUBJECT ADDED ENTRY--TOPICAL TERM |
| Topical term or geographic name entry element |
Elections |
| 773 ## - HOST ITEM ENTRY |
| Main entry heading |
Economic and Political Weekly |
| 909 ## - |
| -- |
60092 |